000
00205nam a22000857a 4500
008
161122b xxu||||| |||| 00| 0 eng d
100
_9
1316
_a
Pyle.C.
245
_a
Indoor and Outdoor Games-6
260
_a
USA
_c
2011
999
_c
4029
_d
4029